000 00579nam a2200169 a 4500
008 120416s2000 ||||||||||||||||| || u
020 _a043400751X
050 _aHD 82 Mic
100 _aMicklethwait, John
245 1 2 _aA future perfect
246 _athe challenge and hidden promise of globalization
260 _aLondon
_bWiiliam Heinemann
_c2000
350 _a0.00
650 0 _aECONOMICS
650 0 _aGLOBALIZATION
995 _D0.00
_FCBU-MAIN LIBRARY (Kitwe)
_H1
_I24.95
_M1
_UAVAILABLE
_ZAnnex Low-Usage Collection
999 _c44269
_d44269